000 00373nam a2200145 i 4500
001 bg
100 1 _aRumsiskij, Lev Zimonovic.
245 1 0 _aMatematyczne opracowanie wyników eksperymentów /
_cL. Z. Rumszycki.
260 _aWarszawa,
_c1973.
700 1 _aRumszycki, L. Z.
040 _cBPK
041 _apol
942 _cKS
008 s pl f |000 0 pol
999 _c7647
_d7647
856 _uhttp://koha.tu.koszalin.pl/cgi-bin/koha/opac-detail.pl?biblionumber=7647
_yKatalog online BPK